| 000 | 00447nam a22001817a 4500 | ||
|---|---|---|---|
| 005 | 20200317114055.0 | ||
| 008 | 200317b xxu||||| |||| 00| 0 eng d | ||
| 020 | _a9788123918763 | ||
| 041 | _aeng | ||
| 082 | _a615 | ||
| 100 |
_aALLWOOD M . C _95231 |
||
| 245 |
_aTEXT BOOK OF HOSPITAL PHARMACY _cM.C ALLWOOD |
||
| 250 | _a1'ST | ||
| 260 |
_aNEW DELHI _bCBS PUBLISHERS _c2010 |
||
| 300 | _a491 P. IX | ||
| 650 |
_aPHARMACY _95232 |
||
| 942 | _cBK | ||
| 999 |
_c6124 _d6122 |
||